School nursing : scope and standards of practice /

Bibliographic Details
Corporate Authors: National Association of School Nurses (U.S.), American Nurses Association
Format: Book
Language:English
Published: Silver Spring, Md. : Nursesbooks.org, 2005.
Subjects:

MARC

Tag First Indicator Second Indicator Subfields
LEADER 00000cam a22000004a 4500
001 in00004512321
005 20191204153726.0
008 050520s2005 mdu b 001 0 eng
010 |a  2005014707 
016 7 |a 101248551  |2 DNLM 
020 |a 1558102272 
020 |a 9781558102279 
035 |a (OCoLC)ocm60500886 
035 |a (OCoLC)60500886 
035 |z (UtOrBLW)51647 
035 |a 72473 
040 |a DNLM/DLC  |c DLC  |d NLM  |d UWC  |d UBY  |d MUQ  |d BTCTA  |d YDXCP  |d BAKER  |d OCLCQ  |d TMV  |d UtOrBLW 
042 |a pcc 
043 |a n-us--- 
049 |a TMVM  |c 1 
050 0 0 |a RJ247  |b .N38 2005 
060 1 0 |a WY 113  |b S3726 2005 
245 0 0 |a School nursing :  |b scope and standards of practice /  |c National Association of School Nurses. 
264 1 |a Silver Spring, Md. :  |b Nursesbooks.org,  |c 2005. 
300 |a xiii, 93 pages ;  |c 23 cm. 
336 |a text  |2 rdacontent  |b txt 
337 |a unmediated  |2 rdamedia 
338 |a volume  |2 rdacarrier  |b nc 
500 |a The standards in this book are based on template language from ANA's Nursing: Scope and Standards of Practice (03SSNP), which is a helpful adjunct volume to this specialty text. 
504 |a Includes bibliographical references and index. 
650 0 |a School nursing  |x Standards  |z United States. 
650 2 |a Schools, Nursing. 
650 2 |a Nursing Process. 
651 2 |a United States. 
710 2 |a National Association of School Nurses (U.S.) 
710 2 |a American Nurses Association. 
730 0 |a Nursing: Scope and Standards of Practice. 
999 |a MARS 
999 f f |s 8d3013b9-1fe0-3ba8-98e2-498c85de7757  |i 08794ce4-66ad-3259-a146-60f88ebae50e  |t 0 
952 f f |p ric  |a Texas A&M University  |b Rellis Campus  |c Joint Library Facility  |d Remote Storage  |t 0  |e WY 113 S3726 2005  |h National Library of Medicine classification  |i unmediated -- volume  |m 323890255916A 
998 f f |a WY 113 S3726 2005  |t 0  |l Remote Storage